Central Library OPAC University of Rajshahi

The enterprise in transition: (Record no. 5047)

MARC details
000 -LEADER
fixed length control field 00924cam a22002771 4500
001 - CONTROL NUMBER
control field 5047
003 - CONTROL NUMBER IDENTIFIER
rucl marc code BD-RjUL
005 - DATE AND TIME OF LATEST TRANSACTION
control field 20211208234011.0
008 - FIXED-LENGTH DATA ELEMENTS--GENERAL INFORMATION
fixed length control field 131224s1967 enka b 001 0 eng d
035 ## - SYSTEM CONTROL NUMBER
System control number (BD-RjUL)5083
System control number (OCoLC)230065
040 ## - CATALOGING SOURCE
Original cataloging agency DLC
Transcribing agency ODaWU
Modifying agency OCoLC
-- Uk
-- DLC
-- BD-RjUL
Language of cataloging eng
041 ## - LANGUAGE CODE
Language code of text/sound track or separate title eng
082 ## - DEWEY DECIMAL CLASSIFICATION NUMBER
Classification number 658.0094
Author mark and year HAE 1967
100 1# - MAIN ENTRY--PERSONAL NAME
Personal name Haas, Hans van der.
9 (RLIN) 15894
245 14 - TITLE STATEMENT
Title The enterprise in transition:
Remainder of title an analysis of European and American practice /
Statement of responsibility, etc. H. van der Haas.
260 ## - PUBLICATION, DISTRIBUTION, ETC. (IMPRINT)
Place of publication, distribution, etc. London,
-- New York [etc.]
Name of publisher, distributor, etc. Tavistock Publications,
Date of publication, distribution, etc. c1967.
300 ## - PHYSICAL DESCRIPTION
Pagination xxix, 408 p. :
Illustrations tables, diagrs.:
Size 22 cm.
504 ## - BIBLIOGRAPHY, ETC. NOTE
Bibliography, etc Bibliography: p. 377-390.
650 #0 - SUBJECT ADDED ENTRY--TOPICAL TERM
Topical term or geographic name as entry element Industrial management
Geographic subdivision Europe.
9 (RLIN) 15895
Topical term or geographic name as entry element Industrial management
Geographic subdivision United States.
9 (RLIN) 9586
Topical term or geographic name as entry element Corporations, American
Geographic subdivision Europe.
9 (RLIN) 15896
942 ## - ADDED ENTRY ELEMENTS (KOHA)
Source of classification or shelving scheme Dewey Decimal Classification
Koha item type Books
Holdings
Lost status Source of classification or shelving scheme Damaged status Not for loan Collection code Permanent Location Current Location Shelving location Date acquired Source of acquisition Cost, normal purchase price Total Checkouts Full call number Date last seen Copy number Koha item type
  Dewey Decimal Classification     Non-fiction Central Library, University of Rajshahi Central Library, University of Rajshahi   16/08/1969 Zitlinger 63.00   658.0094 HAE 1967 24/12/2013 C-2 Books
  Dewey Decimal Classification     Non-fiction Central Library, University of Rajshahi Central Library, University of Rajshahi   21/07/1971 zeitlinger 63.00   658.0094 HAE 1967 23/07/2016 C-3 Books
  Dewey Decimal Classification     Non-fiction Central Library, University of Rajshahi Central Library, University of Rajshahi   16/08/1969 zeitlinger 63.00   658.0094 HAE 1967 23/07/2016 C-4 Books
  Dewey Decimal Classification     Non-fiction Central Library, University of Rajshahi Central Library, University of Rajshahi   17/07/1973 Mitali Prak. 80.50   658.0094 HAE 1967 23/07/2016 C-5 Books
  Dewey Decimal Classification     Non-fiction Central Library, University of Rajshahi Central Library, University of Rajshahi   16/08/1969 zeitlinger 63.00   658.0094 HAE 1967 23/07/2016 C-6 Books
  Dewey Decimal Classification     Non-fiction Central Library, University of Rajshahi Central Library, University of Rajshahi   16/08/1969 zeitlinger 63.00   658.0094 HAE 1967 23/07/2016 C-7 Books
  Dewey Decimal Classification   Not For Loan Non-fiction Central Library, University of Rajshahi Central Library, University of Rajshahi Reading Room 16/08/1969 Zeithinger 63.00   658.0094 HAE 1967 22/12/2016 C-1 Books